000 00847nab#a2200265#c#4500
999 _c87594
_d87594
003 IEF
005 20220714091710.0
008 950704s1976 uuu|| #####0 b| |u
040 _aIEF
_cES-MaIEF
100 1 _aNadal Farreras, Joaquim
_928707
245 1 0 _aDependencia y subdesarrollo
_bel caso canario. Nota sobre las relaciones comerciales entre Gran Bretaña y las Islas Canarias 1809-1914
_c Joaquim Nadal-Farreras
260 _c1976
500 _aBibliografía.
650 4 _aREINO UNIDO
_948241
650 4 _aCANARIAS
_933509
650 4 _aRELACIONES ECONOMICAS
_948243
650 4 _aCOMERCIO
_938116
650 4 _aDESARROLLO ECONOMICO
_950224
650 4 _aHISTORIA ECONOMICA
_945401
650 4 _aSIGLO XIX
_948415
773 0 _tHacienda pública española
_w34570
_g38, p. 157-169
942 _2udc
942 _2udc